Romeo y Julieta / (Registro nro. 9055)

Detalles MARC
000 -LIDER
fixed length control field 00963cam a2200325 a 4500
001 - NÚMERO DE CONTROL
Identificador de número de control 000020119
003 - IDENTIFICACDOR DE NÚMERO DE CONTROL
control field DO-SdBNP
005 - DATE AND TIME OF LATEST TRANSACTION
control field 20230403112236.0
007 - CAMPOS FIJOS DE DESCRIPCIÓN FÍSICA
fixed length control field 000020119
008 - ELEMENTOS DE LONGITUD FIJA
fixed length control field 700702s1998 dr 000 d spa d
020 ## - ISBN
International Standard Book Number 844940819
040 ## - FUENTE DE CATALOGACIÓN
Agencia que crea de manera original el registro BPMSU
Idioma de catalogación spa
Agencia que realiza la transcripción BPMSU
092 ## - LOCALLY ASSIGNED DEWEY DECIMAL CALL NUMBER
Número de clasificación 822.33
Número de ítem (Cutter) S527r
100 1# - ASIENTO PRINCIPAL -- NOMBRE PERSONAL
Nombre personal Shakespeare, William,
Fechas asociadas con el nombre 1564-1616
240 10 - TITULO UNIFORME
Título uniforme Romeo and Juliet.
Idioma de una obra Español
245 10 - MENCIÓN DE TITULO
Título Romeo y Julieta /
Mención de responsabilidad William Shakespeare ; traducción de José María Valverde.
260 ## - PUBLICACIÓN, DISTRIBUCIÓN, ETC. (PIE DE IMPRENTA)
Lugar de publicación, distribución, etc Madrid :
Nombre del editor, distribuidor, etc. Losada
Fecha de publicación, distribución, etc 1998
300 ## - DESCRIPCIÓN FÍSICA
Extensión 149 p. ;
Dimensiones 21 cm.
490 1# - MENCIÓN DE SERIES
Mención de serie Clásicos universales
504 ## - NOTA DE BIBLIOGRAFÍA, ETC.
Bibliography, etc Incluye notas al pie de las páginas.
534 ## - NOTA SOBRE LA VERSIÓN ORIGINAL
Asiento principal del original Título original: Romeo and Juliet
650 #4 - ENCABEZAMIENTO DE MATERIA--TEMÁTICO
Término temático o nombre geográfico como elemento de entrada TEATRO INGLÉS
650 #4 - ENCABEZAMIENTO DE MATERIA--TEMÁTICO
Término temático o nombre geográfico como elemento de entrada DRAMA INGLÉS
650 #4 - ENCABEZAMIENTO DE MATERIA--TEMÁTICO
Término temático o nombre geográfico como elemento de entrada LITERATURA INGLESA
700 12 - ASIENTO SECUNDARIO -- NOMBRE PERSONAL
Nombre personal
Mención de responsabilidad
830 #0 - ASIENTO SECUNDARIO DE SERIE--TÍTULO UNIFORME
Título uniforme Clásicos universales
Número de la parte o sección de una obra
910 ## - VALIDACIÓN
Validación Validado. Control de calidad MFF
942 ## - ADDED ENTRY ELEMENTS (KOHA)
Source of classification or shelving scheme Dewey Decimal Classification
Koha item type Libros
945 ## - INFORMACIÓN DE PROCESAMIENTO LOCAL
Información de procesamiento local Inventariado, 2018/ YL
Existencias
Withdrawn status Lost status Source of classification or shelving scheme Damaged status Not for loan Collection code Home library Current library Date acquired Source of acquisition Total Checkouts Barcode Date last seen Copy number Price effective from Koha item type
    Dewey Decimal Classification     Colección General Biblioteca Pública Metropolitana Salomé Ureña Biblioteca Pública Metropolitana Salomé Ureña 12/08/2015 FUNDI   BPMSU15120090 12/08/2015 12/08/2015 Libros